The case for peace : (Record no. 27707)

MARC details
000 -LEADER
campo de control de longitud fija 01812cam a2200229 4500
001 - NÚMERO DE CONTROL
campo de control 26512
005 - FECHA Y HORA DE LA ÚLTIMA TRANSACCIÓN
campo de control 20230410103901.0
008 - DATOS DE LONGITUD FIJA--INFORMACIÓN GENERAL
campo de control de longitud fija 060907s2005 nju eng
020 ## - NÚMERO INTERNACIONAL ESTÁNDAR DEL LIBRO
Número Internacional Estándar del Libro 0471743178
035 ## - NÚMERO DE CONTROL DEL SISTEMA
-- funglode26711
041 ## - CÓDIGO DE IDIOMA
Código de lengua del texto/banda sonora o título independiente Eng
050 14 - SIGNATURA TOPOGRÁFICA DE LA BIBLIOTECA DEL CONGRESO
Número de clasificación 416 DS 119.76
Número de ítem D438c 2005
082 00 - NÚMERO DE LA CLASIFICACIÓN DECIMAL DEWEY
Número de clasificación 956.9405/4
100 1# - ENTRADA PRINCIPAL--NOMBRE DE PERSONA
Nombre de persona Dershowitz, Alan M.
245 14 - MENCIÓN DEL TÍTULO
Título The case for peace :
Resto del título how the Arab-Israeli conflict can be resolved /
Mención de responsabilidad, etc. Alan Dershowitz
260 ## - PUBLICACIÓN, DISTRIBUCIÓN, ETC.
Lugar de publicación, distribución, etc. New Jersey :
Nombre del editor, distribuidor, etc. John Wiley,
Fecha de publicación, distribución, etc. 2005
300 ## - DESCRIPCIÓN FÍSICA
Extensión ix, 246 p. :
Otras características físicas maps ;
Dimensiones 25 cm.
505 0# - NOTA DE CONTENIDO CON FORMATO
Nota de contenido con formato The case for peace -- Overcoming the geopolitical barriers to peace -- The end result : two states with secure and recognized borders -- Is the one-state solution a barrier to peace? -- Is a non-contiguous Palestinian state a barrier to peace? -- Can peace be achieved without compromising rights? -- Is the division of Jerusalem a barrier to peace? -- Are the informal Geneva accords a basis for or a barrier to peace? -- Can Israel make peace and prevent terrorism at the same time? -- Are Israeli counter-terrorism measures the cause of suicide bombings and a barrier to peace? -- What if a Palestinian state became a launching pad for terrorism? -- Will civil wars be necessary to bring about peace? -- Is the security fence a barrier to peace? -- Is a militarized Palestine a barrier to peace? -- Is the Iranian nuclear threat a barrier to peace? -- Overcoming the hatred barriers to peace -- More Palestinian than the Palestinians -- More Israeli than the Israelis -- A case study in hate and intimidation -- Will anti-semitism decrease as Israel moves toward peace with the Palestinians? -- The contributions peace can make.
650 #0 - PUNTO DE ACCESO ADICIONAL DE MATERIA--TÉRMINO DE MATERIA
Término de materia o nombre geográfico como elemento de entrada Arab-Israeli conflict
Subdivisión cronológica 1993-
Subdivisión general Peace.
650 #4 - PUNTO DE ACCESO ADICIONAL DE MATERIA--TÉRMINO DE MATERIA
Término de materia o nombre geográfico como elemento de entrada Conflicto árabe-israelí, 1993
Subdivisión general Paz.
942 ## - ELEMENTOS DE ENTRADA SECUNDARIOS (KOHA)
Fuente del sistema de clasificación o colocación Clasificación de Library of Congress
Tipo de ítem Koha
Holdings
Estatus retirado Estado de pérdida Fuente del sistema de clasificación o colocación Estado de daño No para préstamo Colección Biblioteca de origen Biblioteca actual Ubicación en estantería Fecha de adquisición Serial enumeration / chronology Signatura topográfica completa Código de barras Visto por última vez Copia número Tipo de ítem Koha
    Clasificación de Library of Congress     Recursos Regionales Biblioteca Juan Bosch Biblioteca Juan Bosch Recursos Regionales (2do. Piso) 23/10/2018 1 416 DS 119.76 D438c 2005 00000027634 23/10/2018 1